Đánh giá một số chỉ tiêu chất lượng nước mặt vùng đệm Vườn Quốc Gia Tràm Chim thuộc ấp Phú Lâm, xã Phú Thành B, huyện Tam Nông, tỉnh Đồng Tháp : Luận văn tốt nghiệp Đại học. Chuyên ngành Khoa học Môi trường
Phân tích một số nguyên nhân ảnh hưởng đến chất lượng nước của vùng đệm thuộc ấp Phú Lâm, xã Phú Thành B, huyện Tam Nông, tỉnh Đồng Tháp và đánh giá chất lượng nước vùng đệm Vườn Quốc Gia Tràm Chim....
محفوظ في:
| المؤلف الرئيسي: | |
|---|---|
| التنسيق: | كتاب |
| اللغة: | Undetermined |
| منشور في: |
Cần Thơ
Đại học Cần Thơ
2010
|
| الموضوعات: | |
| الوسوم: |
إضافة وسم
لا توجد وسوم, كن أول من يضع وسما على هذه التسجيلة!
|
| Thư viện lưu trữ: | Trung tâm Học liệu Trường Đại học Cần Thơ |
|---|
| LEADER | 01287nam a2200205Ia 4500 | ||
|---|---|---|---|
| 001 | CTU_168003 | ||
| 008 | 210402s9999 xx 000 0 und d | ||
| 082 | |a 363.7 | ||
| 082 | |b H523 | ||
| 100 | |a Lê, Bão Huy | ||
| 245 | 0 | |a Đánh giá một số chỉ tiêu chất lượng nước mặt vùng đệm Vườn Quốc Gia Tràm Chim thuộc ấp Phú Lâm, xã Phú Thành B, huyện Tam Nông, tỉnh Đồng Tháp : | |
| 245 | 0 | |b Luận văn tốt nghiệp Đại học. Chuyên ngành Khoa học Môi trường | |
| 245 | 0 | |c Lê Bão Huy ; Trương Thị Nga, Lê Anh Kha (Cán bộ hướng dẫn) | |
| 260 | |a Cần Thơ | ||
| 260 | |b Đại học Cần Thơ | ||
| 260 | |c 2010 | ||
| 520 | |a Phân tích một số nguyên nhân ảnh hưởng đến chất lượng nước của vùng đệm thuộc ấp Phú Lâm, xã Phú Thành B, huyện Tam Nông, tỉnh Đồng Tháp và đánh giá chất lượng nước vùng đệm Vườn Quốc Gia Tràm Chim. | ||
| 650 | |a Water pollution,Water quality,Ô nhiễm nước,Chất lượng nước | ||
| 904 | |i Năm | ||
| 980 | |a Trung tâm Học liệu Trường Đại học Cần Thơ | ||